000 00840nam a2200253 a 4500
005 20240622063900.0
008 080424s19992000mx r 000 0 spa d
020 _a9683915299
035 _aUPN01000155601
049 _aCG
050 4 _aHQ755.85
_bC5.2
100 1 _aClarke, Jean Illsley
245 1 3 _aEl arte de crecer con sus hijos :
_bcómo integrar la disciplina y el amor en la educación infantil /
_cJean Illsley Clarke, Connie Dawson ; tr. Ma. Eugenia de la Rosa.
260 _aMéxico :
_bPatria,
_c1999.
300 _a288 p.
440 0 _aEscuela para padres
534 _pTítulo original :
_tGrowing Up Again
650 0 _aRelación padres-hijos
_91359
650 4 _aNiños
_xCrecimiento
_915181
650 4 _aEducación familiar
_97274
700 1 _aDawson, Connie,
_ecoaut.
905 _aLibro
999 _c127716
_d127716